उपकार एन.डी.ए.परीक्षा; (Record no. 68314)

MARC details
000 -LEADER
fixed length control field 00730nam a22001817a 4500
005 - DATE AND TIME OF LATEST TRANSACTION
control field 2012070200410.0
020 ## - INTERNATIONAL STANDARD BOOK NUMBER
Terms of availability 490.00
International Standard Book Number 9788174822260
245 ## - TITLE STATEMENT
Title उपकार एन.डी.ए.परीक्षा;
260 ## - PUBLICATION, DISTRIBUTION, ETC. (IMPRINT)
Place of publication, distribution, etc आगरा
Name of publisher, distributor, etc उपकार प्रकाशन
Date of publication, distribution, etc 2012
270 ## - ADDRESS
Address 2/11 ए, स्वदेशी बीमा नगर(शाह सिनेमा के सामने)
Postal code 282002
Telephone number 2530966
City आगरा
300 ## - PHYSICAL DESCRIPTION
Extent वि पृ.
Dimensions 24सेंमीं (अजिल्द)
490 ## - SERIES STATEMENT
Series statement
-- 49847
700 ## - ADDED ENTRY--PERSONAL NAME
9 (RLIN) 49816
710 ## - ADDED ENTRY--CORPORATE NAME
9 (RLIN) 49817
942 ## - ADDED ENTRY ELEMENTS (KOHA)
Source of classification or shelving scheme Dewey Decimal Classification
Item type Hindi Books
Call number suffix उपका
Holdings
Withdrawn status Lost status Not for loan Home library Current library Date acquired Cost, normal purchase price Full call number Cost, replacement price Koha item type
      Andrews Gunj Andrews Gunj 02/07/2012 490.00 उपका 490.00 Hindi Books

© Delhi Public Library
Hit Counter
free hit counter